[Event "Isla de La Palma Torneo Sub 2300"]
[Site "Isla de La Palma ESP"]
[Date "2005.06.04"]
[Round "2.9"]
[White "Natalicchio Escalante, Nicolas"]
[Black "Vega Gutierrez, Sabrina Neide"]
[Result "1/2-1/2"]
[WhiteElo "2153"]
[BlackElo "2253"]
[PlyCount "27"]
[EventDate "2005.06.03"]
[EventType "swiss"]
[EventRounds "9"]
[EventCountry "ESP"]
[Source "lmi"]
[SourceDate "2005.06.11"]

1. e4 c5 2. a3 e6 3. b4 cxb4 4. axb4 Bxb4 5. Bb2 Nf6 6. e5 Ng8 7. Qg4 Bf8 8.
Nc3 Nh6 9. Qf4 d5 10. exd6 Bxd6 11. Qc4 Nc6 12. Nb5 Bb4 13. Nf3 O-O 14. Nxa7
1/2-1/2

[Event "Isla de La Palma Torneo Sub 2300"]
[Site "Isla de La Palma ESP"]
[Date "2005.06.04"]
[Round "2.10"]
[White "Camino Carrio, Nicanor"]
[Black "Fenollar Jorda, Manuel"]
[Result "1/2-1/2"]
[WhiteElo "2102"]
[BlackElo "2239"]
[PlyCount "89"]
[EventDate "2005.06.03"]
[EventType "swiss"]
[EventRounds "9"]
[EventCountry "ESP"]
[Source "lmi"]
[SourceDate "2005.06.11"]

1. e4 e5 2. Nf3 Nc6 3. Bb5 a6 4. Ba4 Nf6 5. d3 b5 6. Bb3 Bc5 7. O-O d6 8. c3
O-O 9. a4 Rb8 10. axb5 axb5 11. Bg5 h6 12. Bh4 g5 13. Bg3 Bg4 14. h3 Be6 15.
Bxe6 fxe6 16. d4 Bb6 17. Qd3 exd4 18. e5 Nh7 19. Qg6+ Kh8 20. Qxh6 Qe7 21. exd6
cxd6 22. Nbd2 dxc3 23. bxc3 Nd8 24. Ne5 Rf6 25. Ng6+ Rxg6 26. Qxg6 Nf7 27. Rfe1
e5 28. Qe4 Nf6 29. Qc6 Kg7 30. Ra8 Rxa8 31. Qxa8 Qc7 32. Qf3 d5 33. Qf5 Qxc3
34. Bxe5 Nxe5 35. Rxe5 Bxf2+ 36. Kxf2 Qxd2+ 37. Kg1 Qc1+ 38. Kh2 Qf4+ 39. Qxf4
gxf4 40. Re7+ Kg6 41. Rb7 d4 42. Rxb5 d3 43. Rb3 d2 44. Rd3 Ne4 45. Rd5 1/2-1/2

[Event "Isla de La Palma Torneo Sub 2300"]
[Site "Isla de La Palma ESP"]
[Date "2005.06.04"]
[Round "2.11"]
[White "Perera Gonzalez, Pablo"]
[Black "Garcia Rodriguez, Dario"]
[Result "1-0"]
[WhiteElo "2211"]
[BlackElo "2051"]
[PlyCount "87"]
[EventDate "2005.06.03"]
[EventType "swiss"]
[EventRounds "9"]
[EventCountry "ESP"]
[Source "lmi"]
[SourceDate "2005.06.11"]

1. Nf3 Nf6 2. c4 g6 3. g3 Bg7 4. Bg2 O-O 5. d4 c6 6. Nc3 d5 7. cxd5 cxd5 8. Ne5
Nc6 9. Nxc6 bxc6 10. O-O e6 11. Na4 Nd7 12. Be3 Bb7 13. Rc1 Rc8 14. Qd2 Qc7 15.
b3 Rfe8 16. Rfe1 Bf8 17. h4 Ba3 18. Rc2 Qd6 19. Nc5 Bxc5 20. dxc5 Qc7 21. Bh6
a5 22. Bh3 Ra8 23. Kg2 Reb8 24. Qc3 Qe5 25. Qxe5 Nxe5 26. Bf4 f6 27. Bxe6+ Kg7
28. Rd1 Ba6 29. Bh3 a4 30. bxa4 Rb4 31. Bxe5 fxe5 32. Bd7 Bb7 33. Rdd2 Raxa4
34. Rb2 Ba8 35. Rxb4 Rxb4 36. Rd3 Ra4 37. Rxd5 Rxa2 38. Rxe5 Ra5 39. g4 Kf6 40.
f4 Ra7 41. g5+ Kf7 42. Be6+ Kg7 43. Kg3 Re7 44. e4 1-0

[Event "Isla de La Palma Torneo Sub 2300"]
[Site "Isla de La Palma ESP"]
[Date "2005.06.04"]
[Round "2.12"]
[White "Macias Ojeda, Antonio"]
[Black "Lopez Colon, Francisco"]
[Result "0-1"]
[WhiteElo "2112"]
[BlackElo "2206"]
[PlyCount "54"]
[EventDate "2005.06.03"]
[EventType "swiss"]
[EventRounds "9"]
[EventCountry "ESP"]
[Source "lmi"]
[SourceDate "2005.06.11"]

1. e4 d6 2. Nc3 Nf6 3. Bc4 c6 4. d3 b5 5. Bb3 Nbd7 6. a3 e6 7. f4 Be7 8. Nf3
O-O 9. O-O a6 10. e5 dxe5 11. fxe5 Nxe5 12. Nxe5 Qd4+ 13. Kh1 Qxe5 14. Bf4 Qd4
15. Qf3 Qd7 16. Ne4 Bb7 17. Nxf6+ Bxf6 18. c3 c5 19. Qg3 Kh8 20. Bd1 e5 21.
Bxe5 Bxe5 22. Qxe5 Qxd3 23. Bf3 Bxf3 24. Rxf3 Qc4 25. Raf1 f6 26. Qh5 Rae8 27.
Rf4 Qxf4 0-1

[Event "Isla de La Palma Torneo Sub 2300"]
[Site "Isla de La Palma ESP"]
[Date "2005.06.04"]
[Round "2.13"]
[White "Ros Octavio de Toledo, Eduardo"]
[Black "Majul, Isolina"]
[Result "1-0"]
[WhiteElo "2176"]
[BlackElo "2103"]
[PlyCount "96"]
[EventDate "2005.06.03"]
[EventType "swiss"]
[EventRounds "9"]
[EventCountry "ESP"]
[Source "lmi"]
[SourceDate "2005.06.11"]

1. Nf3 Nf6 2. c4 g6 3. Nc3 Bg7 4. e4 d6 5. d4 O-O 6. Be2 Nc6 7. d5 Nb8 8. O-O
e5 9. Bg5 h6 10. Bh4 Qe8 11. Nd2 Na6 12. a3 c5 13. Nb5 Qd7 14. Rb1 Ne8 15. b4
f5 16. f3 f4 17. Bf2 b6 18. bxc5 Nxc5 19. Nb3 g5 20. Nxc5 bxc5 21. Qa4 h5 22.
Nc3 Qe7 23. Qc6 Nc7 24. Nb5 Nxb5 25. Rxb5 Bd7 26. Rb7 Rad8 27. Rfb1 Rb8 28. Qc7
Rxb7 29. Rxb7 Rf7 30. Qb8+ Bf8 31. Qxa7 Rg7 32. h3 Qe8 33. Bd1 g4 34. fxg4 hxg4
35. hxg4 Bc8 36. Rxg7+ Bxg7 37. Qc7 Bf8 38. Bh4 Ba6 39. g5 Qc8 40. Qxc8 Bxc8
41. Ba4 Be7 42. Bb5 Kg7 43. a4 Bd8 44. Kf2 Bg4 45. Be8 Bd1 46. g3 f3 47. g6 Ba5
48. Bb5 Be2 1-0

[Event "Isla de La Palma Torneo Sub 2300"]
[Site "Isla de La Palma ESP"]
[Date "2005.06.04"]
[Round "2.14"]
[White "Enjuto Velasco, Roberto"]
[Black "Rosso Lizza, Pierandrea"]
[Result "1-0"]
[WhiteElo "2167"]
[BlackElo "1668"]
[PlyCount "51"]
[EventDate "2005.06.03"]
[EventType "swiss"]
[EventRounds "9"]
[EventCountry "ESP"]
[Source "lmi"]
[SourceDate "2005.06.11"]

1. e4 c5 2. Nf3 d6 3. d4 cxd4 4. Nxd4 Nf6 5. Nc3 a6 6. Bc4 e6 7. Bb3 Be7 8. g4
b5 9. g5 Nfd7 10. Bxe6 Bb7 11. Bd5 Bxd5 12. Nxd5 Nc5 13. Nf5 Nc6 14. Ndxe7 Nxe7
15. Nxg7+ Kf8 16. Qd4 Rg8 17. Nf5 Rg6 18. Be3 Nc6 19. Qh8+ Rg8 20. Qxh7 Rg6 21.
Nh6 Qe8 22. Qh8+ Ke7 23. Nf5+ Kd7 24. Qxe8+ Rxe8 25. f3 Ne6 26. O-O-O 1-0

[Event "Isla de La Palma Torneo Sub 2300"]
[Site "Isla de La Palma ESP"]
[Date "2005.06.04"]
[Round "2.15"]
[White "Martin Ojeda, Juan Manuel"]
[Black "Zanoletty Garcia, David"]
[Result "1-0"]
[WhiteElo "2268"]
[BlackElo "2028"]
[PlyCount "47"]
[EventDate "2005.06.03"]
[EventType "swiss"]
[EventRounds "9"]
[EventCountry "ESP"]
[Source "lmi"]
[SourceDate "2005.06.11"]

1. e4 e6 2. d4 d5 3. e5 c5 4. Nf3 Nc6 5. Bd3 Bd7 6. O-O Qc7 7. c3 f6 8. Re1
O-O-O 9. Na3 g6 10. Nc2 h6 11. Bd2 g5 12. exf6 Nxf6 13. Ne5 Nxe5 14. dxe5 Ne4
15. c4 Qxe5 16. Bxe4 Bd6 17. g3 Qxb2 18. cxd5 exd5 19. Bxd5 Ba4 20. Qg4+ Bd7
21. Qc4 Bb5 22. Qc3 Qxc3 23. Bxc3 Bd3 24. Bxh8 1-0

[Event "Isla de La Palma Torneo Sub 2300"]
[Site "Isla de La Palma ESP"]
[Date "2005.06.04"]
[Round "2.17"]
[White "Martin Martin, Francisco"]
[Black "Amil Serantes, Jorge"]
[Result "1-0"]
[WhiteElo "2105"]
[BlackElo "2198"]
[PlyCount "87"]
[EventDate "2005.06.03"]
[EventType "swiss"]
[EventRounds "9"]
[EventCountry "ESP"]
[Source "lmi"]
[SourceDate "2005.06.11"]

1. d4 Nf6 2. c4 e6 3. Nf3 b6 4. g3 Ba6 5. b3 d5 6. Bg2 dxc4 7. Ne5 Bb4+ 8. Kf1
Nfd7 9. Bxa8 Nxe5 10. Bg2 O-O 11. Ba3 Bc5 12. Bxc5 bxc5 13. Na3 cxd4 14. Nxc4
Nxc4 15. bxc4 Qd6 16. Qc2 Nd7 17. Bf3 Nc5 18. Kg2 f5 19. Rhd1 Bc8 20. Rab1 Bd7
21. Qb2 e5 22. Kg1 Na4 23. Qb3 c5 24. Rdc1 e4 25. Bg2 Bc6 26. Qd1 f4 27. Rb3 g5
28. Ra3 Nb6 29. Rxa7 e3 30. Qd3 exf2+ 31. Kxf2 fxg3+ 32. Ke1 Bd7 33. Rb1 Bf5
34. e4 Re8 35. Qxg3 Qg6 36. Kd2 Nxc4+ 37. Kc1 Be6 38. Rb8 Nb6 39. Rxb6 g4 40.
Rb8 Bd7 41. Rxe8+ Bxe8 42. Qf4 Qe6 43. Qg5+ Bg6 44. Qd5 1-0

[Event "Isla de La Palma Torneo Sub 2300"]
[Site "Isla de La Palma ESP"]
[Date "2005.06.04"]
[Round "2.19"]
[White "Mora Manez, Julio"]
[Black "Van Hoolandt, Patrick"]
[Result "0-1"]
[WhiteElo "2063"]
[BlackElo "2181"]
[PlyCount "44"]
[EventDate "2005.06.03"]
[EventType "swiss"]
[EventRounds "9"]
[EventCountry "ESP"]
[Source "lmi"]
[SourceDate "2005.06.11"]

1. e4 e5 2. Nf3 Nc6 3. Bb5 Nf6 4. Qe2 Bc5 5. c3 O-O 6. O-O Re8 7. d3 a6 8. Ba4
b5 9. Bb3 h6 10. Be3 Bf8 11. h3 Bb7 12. Nbd2 d6 13. Rfd1 Ne7 14. Nf1 Ng6 15.
Ng3 Qd7 16. Nf5 d5 17. N3h4 Nxh4 18. Nxh4 c5 19. f3 Rad8 20. Nf5 d4 21. cxd4
exd4 22. Bd2 Qxf5 0-1

[Event "Isla de La Palma Torneo Sub 2300"]
[Site "Isla de La Palma ESP"]
[Date "2005.06.04"]
[Round "2.20"]
[White "Lopez Pereyra, Antonio"]
[Black "Watson, Ron H"]
[Result "1-0"]
[WhiteElo "2165"]
[BlackElo "2060"]
[PlyCount "91"]
[EventDate "2005.06.03"]
[EventType "swiss"]
[EventRounds "9"]
[EventCountry "ESP"]
[Source "lmi"]
[SourceDate "2005.06.11"]

1. e4 e6 2. d4 d5 3. e5 c5 4. c3 Nc6 5. Be3 Qb6 6. Qd2 Bd7 7. Nf3 f6 8. Be2
fxe5 9. Nxe5 Nf6 10. Nxd7 Nxd7 11. Bh5+ g6 12. Bg4 cxd4 13. cxd4 Bb4 14. Nc3
Na5 15. O-O Nf6 16. Qe2 Nxg4 17. Qxg4 O-O 18. Ne2 Nc4 19. Bh6 Rf5 20. Ng3 Rf7
21. b3 Na3 22. Rad1 Nb5 23. h4 Bf8 24. Be3 Bg7 25. h5 Rf6 26. Bg5 gxh5 27. Nxh5
Rg6 28. Nf4 Nxd4 29. Nxg6 hxg6 30. Be3 e5 31. Bxd4 exd4 32. Rfe1 Rd8 33. Re6
Rd6 34. Re8+ Kf7 35. Rde1 Qc7 36. Qf4+ Bf6 37. Qh6 Bg7 38. R8e7+ Qxe7 39. Rxe7+
Kxe7 40. Qxg7+ Ke8 41. Qxd4 a6 42. Kf1 b5 43. Ke2 Kf7 44. Kd3 Ke6 45. f4 Kf7
46. g4 1-0

[Event "Isla de La Palma Torneo Sub 2300"]
[Site "Isla de La Palma ESP"]
[Date "2005.06.04"]
[Round "2.21"]
[White "Ingunza Lopez, Txema"]
[Black "Perez Felipe, Marcos Adrian"]
[Result "0-1"]
[WhiteElo "2041"]
[BlackElo "2158"]
[PlyCount "106"]
[EventDate "2005.06.03"]
[EventType "swiss"]
[EventRounds "9"]
[EventCountry "ESP"]
[Source "lmi"]
[SourceDate "2005.06.11"]

1. e4 c5 2. Nf3 d6 3. d4 cxd4 4. Nxd4 Nf6 5. Nc3 a6 6. Bg5 e6 7. f4 b5 8. e5
dxe5 9. fxe5 Qc7 10. exf6 Qe5+ 11. Be2 Qxg5 12. Qd3 Bb7 13. Ne4 Qh4+ 14. Ng3
Nd7 15. O-O-O Nxf6 16. Kb1 Be7 17. Bf3 Bxf3 18. Qxf3 O-O 19. Nc6 Bc5 20. Rhe1
Rac8 21. Ne4 Nxe4 22. Rxe4 Qxh2 23. Ne5 Be7 24. Re2 Rcd8 25. Nd3 Rd5 26. g4 Qd6
27. Rh1 Bg5 28. Qe4 h6 29. Ree1 Rd4 30. Qe2 Rc8 31. Rhf1 Bh4 32. Rd1 Rd8 33.
Qf3 f6 34. Qe2 e5 35. b3 a5 36. Nb2 Qc5 37. Rxd4 Rxd4 38. Nd3 Qc3 39. Nb2 a4
40. Rf3 Qc5 41. Rd3 a3 42. Rxd4 Qxd4 43. Nd1 b4 44. c3 bxc3 45. Kc2 Kh8 46.
Nxc3 Bg5 47. Qd3 Qxg4 48. Nb5 Qg2+ 49. Kc3 Qc6+ 50. Kb4 e4 51. Qd8+ Kh7 52. Nd4
Bd2+ 53. Kxa3 Qc5+ 0-1

[Event "Isla de La Palma Torneo Sub 2300"]
[Site "Isla de La Palma ESP"]
[Date "2005.06.05"]
[Round "3.1"]
[White "Lacrosse, Marc"]
[Black "Angel Acosta, Juan Carlos"]
[Result "1-0"]
[WhiteElo "2289"]
[BlackElo "2187"]
[PlyCount "81"]
[EventDate "2005.06.03"]
[EventType "swiss"]
[EventRounds "9"]
[EventCountry "ESP"]
[Source "lmi"]
[SourceDate "2005.06.11"]

1. d4 e6 2. c4 Bb4+ 3. Bd2 a5 4. g3 Nc6 5. Nf3 d6 6. Bg2 e5 7. d5 Bxd2+ 8. Qxd2
Nb4 9. a3 Na6 10. Qxa5 Bd7 11. Nbd2 b5 12. cxb5 Nc5 13. Qc3 Bxb5 14. Nxe5 Na4
15. Qb4 Rb8 16. Nd3 Nf6 17. b3 O-O 18. Qd4 Nc5 19. Nxc5 dxc5 20. Qxc5 Re8 21.
Nc4 Ne4 22. Qd4 c5 23. Qd3 Bxc4 24. bxc4 Qa5+ 25. Kf1 Nd2+ 26. Kg1 Rb3 27. Qc2
Rxe2 28. Qd1 Re8 29. Qc2 g6 30. h4 Re2 31. Qd1 Qc3 32. Qxe2 Qxa1+ 33. Kh2 Qd4
34. Rd1 Rb2 35. a4 Qc3 36. d6 Qd4 37. Bd5 Nf1+ 38. Qxf1 Rxf2+ 39. Qxf2 Qxf2+
40. Bg2 Qc2 41. Rd5 1-0

[Event "Isla de La Palma Torneo Sub 2300"]
[Site "Isla de La Palma ESP"]
[Date "2005.06.05"]
[Round "3.2"]
[White "Pinto Henriquez, Rodrigo"]
[Black "Aguilar Sevilla, Diego"]
[Result "1-0"]
[WhiteElo "2221"]
[BlackElo "2136"]
[PlyCount "101"]
[EventDate "2005.06.03"]
[EventType "swiss"]
[EventRounds "9"]
[EventCountry "ESP"]
[Source "lmi"]
[SourceDate "2005.06.11"]

1. d4 Nf6 2. c4 g6 3. Nc3 Bg7 4. e4 d6 5. Be2 O-O 6. Nf3 Na6 7. Be3 e5 8. d5
Ng4 9. Bg5 f6 10. Bh4 h5 11. Nd2 Nh6 12. f3 Nf7 13. Nb3 Bh6 14. Bd3 c5 15. Qe2
Ng5 16. Nd1 f5 17. Ne3 Nxf3+ 18. gxf3 Qxh4+ 19. Qf2 Qg5 20. Nxf5 Bxf5 21. exf5
Nb4 22. Be4 Rxf5 23. a3 Na6 24. Bxf5 Qxf5 25. O-O Rf8 26. Rae1 b5 27. Na5 Nc7
28. b3 bxc4 29. bxc4 Qd3 30. Qe2 Qxa3 31. Nc6 Rf7 32. Ra1 Qe3+ 33. Qxe3 Bxe3+
34. Kg2 a6 35. Rfe1 Bg5 36. Re4 Kf8 37. Nb8 Rf4 38. Rxf4+ exf4 39. Nxa6 Nxa6
40. Rxa6 Be7 41. Ra2 Bf6 42. Kf2 h4 43. Kg2 Kg7 44. Kh3 g5 45. Kg4 Kg6 46. Re2
Be5 47. Re1 Kf6 48. Rb1 Kg6 49. Rb7 Bf6 50. Rd7 Be5 51. Re7 1-0

[Event "Isla de La Palma Torneo Sub 2300"]
[Site "Isla de La Palma ESP"]
[Date "2005.06.05"]
[Round "3.3"]
[White "Ortells Perez, Victor Manuel"]
[Black "Cruz, Alfredo"]
[Result "0-1"]
[WhiteElo "2119"]
[BlackElo "2287"]
[PlyCount "54"]
[EventDate "2005.06.03"]
[EventType "swiss"]
[EventRounds "9"]
[EventCountry "ESP"]
[Source "lmi"]
[SourceDate "2005.06.11"]

1. e4 c5 2. Nc3 e6 3. g3 Nf6 4. Bg2 d5 5. Qe2 d4 6. Nd1 e5 7. d3 Nc6 8. h3 Bd6
9. Nf3 h6 10. a3 Rb8 11. O-O O-O 12. Nh2 Re8 13. f4 b5 14. f5 Ba6 15. g4 Nh7
16. Nf3 Be7 17. Qe1 Bg5 18. h4 Bxc1 19. Rxc1 c4 20. Qg3 f6 21. Nf2 b4 22. a4 b3
23. Kh1 bxc2 24. dxc4 Rxb2 25. Nd3 Ra2 26. Nd2 Qa5 27. Nf3 Bxc4 0-1

[Event "Isla de La Palma Torneo Sub 2300"]
[Site "Isla de La Palma ESP"]
[Date "2005.06.05"]
[Round "3.4"]
[White "Pizarro Segura, Eduardo"]
[Black "Perera Gonzalez, Pablo"]
[Result "0-1"]
[WhiteElo "2173"]
[BlackElo "2211"]
[PlyCount "56"]
[EventDate "2005.06.03"]
[EventType "swiss"]
[EventRounds "9"]
[EventCountry "ESP"]
[Source "lmi"]
[SourceDate "2005.06.11"]

1. d4 d5 2. Nf3 Nf6 3. Bf4 Bf5 4. c3 c6 5. Nbd2 h6 6. h3 Nbd7 7. e3 e6 8. Qb3
Qb6 9. Ne5 Nxe5 10. Bxe5 Nd7 11. Bg3 Be7 12. Be2 O-O 13. O-O c5 14. Qxb6 Nxb6
15. a4 cxd4 16. exd4 a5 17. Bc7 Nc8 18. c4 Bb4 19. Nf3 dxc4 20. Bxc4 Ne7 21.
Rac1 Rac8 22. Bb3 Bd3 23. d5 Bxf1 24. dxe6 Bd3 25. exf7+ Kh8 26. Ne5 Bf5 27. g4
Nc6 28. f4 Nd4 0-1

[Event "Isla de La Palma Torneo Sub 2300"]
[Site "Isla de La Palma ESP"]
[Date "2005.06.05"]
[Round "3.5"]
[White "Lopez Colon, Francisco"]
[Black "Enjuto Velasco, Roberto"]
[Result "1/2-1/2"]
[WhiteElo "2206"]
[BlackElo "2167"]
[PlyCount "184"]
[EventDate "2005.06.03"]
[EventType "swiss"]
[EventRounds "9"]
[EventCountry "ESP"]
[Source "lmi"]
[SourceDate "2005.06.11"]

1. d4 Nf6 2. c4 g6 3. Nc3 d5 4. cxd5 Nxd5 5. Bd2 Bg7 6. e4 Nb6 7. Be3 O-O 8.
Be2 Nc6 9. Nf3 Bg4 10. d5 Bxf3 11. gxf3 Ne5 12. Qb3 a5 13. f4 a4 14. Qb4 Ned7
15. Rd1 Nf6 16. Bc5 Re8 17. Bxb6 cxb6 18. Bb5 Qd6 19. Qxd6 exd6 20. Bxe8 Rxe8
21. f3 Bh6 22. Nxa4 Nxe4 23. O-O Nf6 24. Nxb6 Bxf4 25. Kg2 Re5 26. Rd3 Rg5+ 27.
Kh1 Rh5 28. Rf2 Re5 29. Rc2 Re1+ 30. Kg2 Re5 31. a4 Be3 32. Nc4 Rg5+ 33. Kf1
Rg1+ 34. Ke2 Rg2+ 35. Kxe3 Rxc2 36. b3 Rxh2 37. Nxd6 Rh5 38. Nxb7 Nxd5+ 39. Kf2
Nc7 40. Rd4 Rh2+ 41. Kg3 Rb2 42. b4 Kg7 43. b5 Nxb5 44. axb5 Rxb5 45. Rd7 Rg5+
46. Kf4 Rf5+ 47. Ke4 Kf8 48. Nd6 Rf6 49. f4 Re6+ 50. Kf3 Re7 51. Rd8+ Kg7 52.
Ne8+ Kf8 53. Nf6+ Kg7 54. Nd7 Re1 55. Ne5 Rf1+ 56. Kg3 g5 57. fxg5 Rf5 58. Nf3
h6 59. gxh6+ Kxh6 60. Rg8 Rf6 61. Nh4 Rf1 62. Nf3 Ra1 63. Kf4 Ra6 64. Ne5 Rf6+
65. Ke4 Kh7 66. Rg1 Kh8 67. Rg2 Kh7 68. Nd7 Rf1 69. Ke5 Rf3 70. Nf6+ Kh6 71.
Ne4 Ra3 72. Nd6 Ra5+ 73. Kf6 Kh7 74. Nf5 Ra6+ 75. Kxf7 Ra7+ 76. Ne7 Kh6 77. Ke6
Ra6+ 78. Ke5 Ra5+ 79. Nd5 Kh5 80. Ke4 Ra4+ 81. Kf3 Ra3+ 82. Ne3 Kh6 83. Ke4
Ra4+ 84. Kd3 Ra3+ 85. Kd4 Ra4+ 86. Nc4 Kh7 87. Kd5 Ra8 88. Ke6 Rg8 89. Rh2+ Kg7
90. Nd6 Ra8 91. Rg2+ Kf8 92. Rg4 Ra6 1/2-1/2

[Event "Isla de La Palma Torneo Sub 2300"]
[Site "Isla de La Palma ESP"]
[Date "2005.06.05"]
[Round "3.7"]
[White "Hasenbank, Dirk"]
[Black "Ros Octavio de Toledo, Eduardo"]
[Result "1-0"]
[WhiteElo "2057"]
[BlackElo "2176"]
[PlyCount "67"]
[EventDate "2005.06.03"]
[EventType "swiss"]
[EventRounds "9"]
[EventCountry "ESP"]
[Source "lmi"]
[SourceDate "2005.06.11"]

1. Nf3 Nf6 2. d3 d5 3. Nbd2 Bg4 4. e4 e6 5. Be2 c5 6. O-O Nc6 7. h3 Bh5 8. Re1
Be7 9. c3 O-O 10. Bf1 b5 11. e5 Nd7 12. g4 Bg6 13. d4 Qb6 14. Nb3 c4 15. Nbd2
b4 16. Nh2 bxc3 17. bxc3 Nxd4 18. Nxc4 dxc4 19. cxd4 c3 20. Nf3 c2 21. Qe2 Rab8
22. Bd2 Ba3 23. Qe3 Bb2 24. Rac1 Bxc1 25. Bxc1 Qa5 26. h4 h5 27. gxh5 Bxh5 28.
Ng5 Nb6 29. Bd2 Qxa2 30. Ne4 Nd5 31. Qg5 g6 32. Nf6+ Nxf6 33. exf6 Rfc8 34. Qh6
1-0

[Event "Isla de La Palma Torneo Sub 2300"]
[Site "Isla de La Palma ESP"]
[Date "2005.06.05"]
[Round "3.8"]
[White "Vega Gutierrez, Sabrina Neide"]
[Black "Martin Martin, Francisco"]
[Result "1-0"]
[WhiteElo "2253"]
[BlackElo "2105"]
[PlyCount "53"]
[EventDate "2005.06.03"]
[EventType "swiss"]
[EventRounds "9"]
[EventCountry "ESP"]
[Source "lmi"]
[SourceDate "2005.06.11"]

1. e4 c5 2. Nf3 d6 3. d4 cxd4 4. Qxd4 Nc6 5. Bb5 Bd7 6. Bxc6 Bxc6 7. Nc3 Nf6 8.
Bg5 e6 9. O-O-O Be7 10. Kb1 O-O 11. Rhe1 d5 12. e5 Nd7 13. h4 b5 14. Qg4 Kh8
15. Nd4 Rc8 16. f4 b4 17. Nxc6 Rxc6 18. Nxd5 Bxg5 19. hxg5 exd5 20. Rxd5 Qc8
21. Rxd7 Rxc2 22. Rh1 Rxg2 23. Qf5 g6 24. Qf6+ Kg8 25. e6 Qc2+ 26. Ka1 Qf5 27.
exf7+ 1-0

[Event "Isla de La Palma Torneo Sub 2300"]
[Site "Isla de La Palma ESP"]
[Date "2005.06.05"]
[Round "3.10"]
[White "Fenollar Jorda, Manuel"]
[Black "Rodriguez Perez, David"]
[Result "1-0"]
[WhiteElo "2239"]
[BlackElo "2078"]
[PlyCount "57"]
[EventDate "2005.06.03"]
[EventType "swiss"]
[EventRounds "9"]
[EventCountry "ESP"]
[Source "lmi"]
[SourceDate "2005.06.11"]

1. d4 Nf6 2. Nf3 e6 3. e3 d5 4. Bd3 c5 5. c3 Nc6 6. O-O Bd6 7. Nbd2 O-O 8. dxc5
Bxc5 9. e4 e5 10. Qe2 Re8 11. exd5 Nxd5 12. Ne4 Bb6 13. Rd1 Qe7 14. Neg5 Nf6
15. Bc4 Nd8 16. Rxd8 Rxd8 17. Nxf7 Be6 18. Nxd8 Rxd8 19. Nxe5 Bxc4 20. Qxc4+
Kf8 21. Bf4 Nd5 22. Bg3 Qf6 23. Re1 Qf5 24. h3 Qc2 25. Re2 Qd1+ 26. Kh2 Qf1 27.
Nd7+ Rxd7 28. Qc8+ Rd8 29. Bd6+ 1-0

[Event "Isla de La Palma Torneo Sub 2300"]
[Site "Isla de La Palma ESP"]
[Date "2005.06.05"]
[Round "3.11"]
[White "Camino Carrio, Nicanor"]
[Black "Morales Camacho, Julian"]
[Result "1/2-1/2"]
[WhiteElo "2102"]
[BlackElo "2226"]
[PlyCount "93"]
[EventDate "2005.06.03"]
[EventType "swiss"]
[EventRounds "9"]
[EventCountry "ESP"]
[Source "lmi"]
[SourceDate "2005.06.11"]

1. e4 b6 2. d4 Bb7 3. Bd3 e6 4. Nf3 Nf6 5. Nbd2 d5 6. e5 Nfd7 7. O-O c5 8. c3
Ba6 9. Bxa6 Nxa6 10. Qa4 Qc8 11. Re1 cxd4 12. Qxd4 Nac5 13. c4 dxc4 14. Nxc4 h6
15. b4 Nb7 16. Bb2 Bxb4 17. Nd6+ Nxd6 18. Qxb4 Nb7 19. Rac1 Nbc5 20. Qg4 Qb7
21. Nd4 a6 22. Qxg7 Rf8 23. Qxh6 Rg8 24. f3 O-O-O 25. Qe3 Kb8 26. Ba3 Rc8 27.
Nb3 Nxb3 28. Bd6+ Ka7 29. axb3 Qd5 30. Rxc8 Rxc8 31. Rc1 Rxc1+ 32. Qxc1 Qd4+
33. Kh1 Nc5 34. Bxc5 bxc5 35. f4 a5 36. h4 Kb6 37. Kh2 a4 38. bxa4 Qxa4 39. Qe3
Kb5 40. h5 Qc2 41. h6 Qf5 42. Qb3+ Ka5 43. Qc3+ Kb5 44. Qb3+ Ka5 45. Qc3+ Kb5
46. Qb3+ Ka5 47. Qc3+ 1/2-1/2

[Event "Isla de La Palma Torneo Sub 2300"]
[Site "Isla de La Palma ESP"]
[Date "2005.06.05"]
[Round "3.12"]
[White "Andrades Campo"]
[Black "Perez Gutierrez, Nauzet"]
[Result "1-0"]
[WhiteElo "2204"]
[BlackElo "2074"]
[PlyCount "46"]
[EventDate "2005.06.03"]
[EventType "swiss"]
[EventRounds "9"]
[EventCountry "ESP"]
[Source "lmi"]
[SourceDate "2005.06.11"]

1. e4 e5 2. d4 exd4 3. c3 d5 4. e5 dxc3 5. Nf3 cxb2 6. Bxb2 Bb4+ 7. Nbd2 Ne7 8.
Bd3 Bf5 9. Qc2 Bxd3 10. Qxd3 Na6 11. O-O Bxd2 12. Qxd2 O-O 13. Qg5 Ng6 14. Qh5
Qe7 15. Rfe1 Nf4 16. Qf5 Ne6 17. Qg4 c5 18. Rad1 Rae8 19. h4 Nec7 20. Nd2 c4
21. f4 c3 22. Ba1 cxd2 23. Rxd2 Qb4 1-0

[Event "Isla de La Palma Torneo Sub 2300"]
[Site "Isla de La Palma ESP"]
[Date "2005.06.05"]
[Round "3.13"]
[White "Draghici Flutur, Gavril"]
[Black "Batista Yanez, Jair"]
[Result "0-1"]
[WhiteElo "2110"]
[BlackElo "2200"]
[PlyCount "51"]
[EventDate "2005.06.03"]
[EventType "swiss"]
[EventRounds "9"]
[EventCountry "ESP"]
[Source "lmi"]
[SourceDate "2005.06.11"]

1. e4 g6 2. d4 Bg7 3. Nc3 d6 4. Nf3 Nf6 5. Be2 O-O 6. O-O Nbd7 7. h3 e5 8. dxe5
Nxe5 9. Nxe5 dxe5 10. Be3 Be6 11. Qc1 c6 12. Bc5 Re8 13. Rd1 Nd7 14. Qe3 b6 15.
Bd6 a5 16. Na4 f5 17. exf5 Bxf5 18. Bc4+ Be6 19. Qb3 Qf6 20. Nxb6 Nxb6 21.
Bxe6+ Rxe6 22. Bxe5 Qxe5 23. Re1 Qc5 24. Qxe6+ Kh8 25. c3 Rb8 26. b3 0-1

[Event "Isla de La Palma Torneo Sub 2300"]
[Site "Isla de La Palma ESP"]
[Date "2005.06.06"]
[Round "4.1"]
[White "Pinto Henriquez, Rodrigo"]
[Black "Lacrosse, Marc"]
[Result "1/2-1/2"]
[WhiteElo "2221"]
[BlackElo "2289"]
[PlyCount "133"]
[EventDate "2005.06.03"]
[EventType "swiss"]
[EventRounds "9"]
[EventCountry "ESP"]
[Source "lmi"]
[SourceDate "2005.06.11"]

1. d4 d5 2. c4 e6 3. Nc3 Nf6 4. cxd5 exd5 5. Bg5 Be7 6. e3 O-O 7. Bd3 Nbd7 8.
Qc2 Re8 9. Nge2 Nf8 10. O-O-O Be6 11. Kb1 a6 12. Na4 Ne4 13. Bxe7 Qxe7 14. Bxe4
dxe4 15. Nf4 c6 16. Qc5 Rad8 17. Qxe7 Rxe7 18. Rc1 g5 19. Nh5 f5 20. h4 h6 21.
Nc5 Bc8 22. hxg5 hxg5 23. Ng3 Rh7 24. Ne2 Rd6 25. Rxh7 Nxh7 26. Ng1 Kg7 27. Rc3
Rf6 28. Kc1 Rf7 29. Ne2 Nf6 30. Kd2 Kg6 31. Rc1 Rh7 32. Nc3 Rh2 33. Rg1 Kf7 34.
Ke1 Ke7 35. Nb3 Kd6 36. Na5 b5 37. Nb3 Nd5 38. Nxd5 Kxd5 39. Nc5 a5 40. g3 a4
41. Ke2 Kd6 42. g4 Rh4 43. gxf5 Bxf5 44. Rxg5 Bg4+ 45. Kd2 Bf3 46. Re5 a3 47.
bxa3 Rh2 48. Re6+ Kc7 49. Nxe4 Bxe4 50. Rxe4 Rxf2+ 51. Kc3 Rxa2 52. Kb3 Ra1 53.
Re5 Rb1+ 54. Kc2 Ra1 55. Kb2 Re1 56. e4 Kd6 57. Re8 Kd7 58. Re5 Kd6 59. Kc3
Rc1+ 60. Kd3 Ra1 61. Rc5 Rxa3+ 62. Rc3 Rxc3+ 63. Kxc3 c5 64. e5+ Kd5 65. dxc5
Kxc5 66. e6 Kd6 67. Kb4 1/2-1/2